000 00456nmm a2200157Ia 4500
008 251105s9999||||xx |||||||||||||||||und||
020 _a9788498387353
041 _aspa
100 _aSchami, Rafik
245 0 _aSofía o el origen de todas las historias
264 _a[Madrid, España] :
_bEdiciones Salamandra,
_c2016
300 _a480 páginas
650 _aOther narratives
856 _uhttps://public.digitaliapublishing.com/a/48349
942 _cCF
999 _c91826
_d91826